Online Catalogue and eLibrary

The life and death of Mary Wollstonecraft (Record no. 3444)

MARC details
000 -LEADER
fixed length control field 00393nam a2200145Ia 4500
005 - DATE AND TIME OF LATEST TRANSACTION
control field 20250121001749.0
008 - FIXED-LENGTH DATA ELEMENTS--GENERAL INFORMATION
fixed length control field 240331s9999 xx 000 0 und d
082 ## - DDC Classification
Item Number - Author Mark TOM
Class No. 920
100 ## - MAIN ENTRY--PERSONAL NAME
Personal name Tomalin, C
245 #4 - TITLE STATEMENT
Title The life and death of Mary Wollstonecraft
260 ## - PUBLICATION, DISTRIBUTION, ETC.
Place of publication, distribution, etc. Ontario
Name of publisher, distributor, etc. New American Library
Date of publication, distribution, etc. 1974
300 ## - PHYSICAL DESCRIPTION
Extent (e.g. Volumes, Pages etc.) Xvi, 312 p .,
500 ## - GENERAL NOTE
General note Mary Wollstonecraft's Biography
942 ## - Koha item type (Biblio)
Koha item type Books in Stacks (Lending)
Holdings
Lost status Damaged status Collection code Home library Current library Shelving location Date acquired Full call number Accession Number Item type
    Lending WERC Library WERC Library Social Science Cupboard 03/31/2024 920 TOM 46 Books in Stacks (Lending)

© WERC Library